Movies Quiz

Random Movies or Minefield Quiz

Animation Minefield Quiz Stats

 Plays Quiz Updated May 22, 2017

Challenge
Share
Tweet
Embed
Score 0/50 Timer 01:30
4 Plays Today
% Correct
???
65.8%
???
65.7%
???
65.4%
???
65.4%
???
65.3%
???
65.2%
???
65%
???
65%
???
64.8%
???
64.6%
???
64.3%
???
64%
???
63.9%
???
63.9%
???
63.9%
???
63.4%
???
63.3%
???
63.2%
???
63%
???
62.7%
???
62.3%
???
62.2%
???
62.1%
???
61.5%
???
61.4%
% Correct
???
61.1%
???
60.4%
???
60.4%
???
60%
???
59.8%
???
59%
???
58.6%
???
58.2%
???
57.8%
???
57.3%
???
57.1%
???
56.9%
???
56%
???
55.8%
???
54.9%
???
54.7%
???
54.7%
???
54.5%
???
50.8%
???
43.7%
???
43.4%
???
40.8%
???
33.2%
???
33%
???
25.2%

You're not logged in!

Compare scores with friends on all Sporcle quizzes.
OR
Log In

You Might Also Like...

Show Comments

Extras

Top Quizzes Today


Score Distribution

Your Account Isn't Verified!

In order to create a playlist on Sporcle, you need to verify the email address you used during registration. Go to your Sporcle Settings to finish the process.

Report this User

Report this user for behavior that violates our Community Guidelines.

Details: